Góc sân và khoảng trời Thơ

محفوظ في:
التفاصيل البيبلوغرافية
المؤلف الرئيسي: Trần Đăng Khoa (Tác giả)
مؤلفون آخرون: Nguyễn Bích (bìa, minh họa)
التنسيق: كتاب
اللغة:Vietnamese
منشور في: Đồng Tháp Sở văn hoá thông tin Đồng Tháp 1983
الموضوعات:
الوسوم: إضافة وسم
لا توجد وسوم, كن أول من يضع وسما على هذه التسجيلة!
Thư viện lưu trữ: Mạng thư viện Đại học Đà Nẵng
LEADER 01194nam a2200349 4500
001 000005315
003 1459
005 20120409080433.0
008 110815s1983 viesd
020 |c 8000đ 
041 0 |a vie 
082 |a 895.9221  |b TR-K 
100 0 |a Trần Đăng Khoa 
245 0 |a Góc sân và khoảng trời  |b Thơ  |c Trần Đăng Khoa ; Bìa và minh hoạ: Nguyễn Bích 
260 |a Đồng Tháp  |b Sở văn hoá thông tin Đồng Tháp  |c 1983 
300 |a 143 tr  |c 18 cm 
653 |a Văn học thiếu nhi 
653 |a Việt Nam 
653 |a Thơ 
700 |a Trần Đăng Khoa  |e Tác giả 
700 |a Nguyễn Bích  |e bìa, minh họa 
910 |a Nguyễn Thị Kim Oanh  |d 15/ 08/ 2011 
OWN |a LSP 
AVA |a UDN50  |b LSP  |d 895.9221 TR-K  |e available  |t Error 5001 Not defined in file expand_doc_bib_avail.  |f 3  |g 1  |h N  |i 0  |k 1 
999 |a From the UDN01 
AVA |a UDN50  |b LSP  |d 895.9221 TR-K  |e available  |t Error 5001 Not defined in file expand_doc_bib_avail.  |f 3  |g 1  |h N  |i 0  |k 1 
TYP |a Monograph 
TYP |a Printed language 
980 |a Mạng thư viện Đại học Đà Nẵng